Inflexible energy policies in a rapidly-changing market.
Kritický pohľad na vládnu energetickú politiku vo Veľkej Británii. Požiadavky na väčšiu flexibilitu zvýšením rôznorodosti využitých druhov palív a technológií a väčšiu decentralizáciu rozhodnutí. Politické rozhodnutia o výstavbe nových elektrární a využívaní doterajších. Tlaky verejnosti na využitie...
Gespeichert in:
| 1. Verfasser: | |
|---|---|
| Weitere Verfasser: | |
| Format: | Buchkapitel |
| Sprache: | Englisch |
| Schlagworte: | |
| Tags: |
Keine Tags, Fügen Sie das erste Tag hinzu!
|
MARC
| LEADER | 00000naa a2200000 4500 | ||
|---|---|---|---|
| 001 | r005082 | ||
| 005 | 20221213085150.0 | ||
| 041 | 0 | |a eng | |
| 044 | |a GB | ||
| 245 | 1 | 0 | |a Inflexible energy policies in a rapidly-changing market. |c D. Collingridge, P. James |
| 520 | |a Kritický pohľad na vládnu energetickú politiku vo Veľkej Británii. Požiadavky na väčšiu flexibilitu zvýšením rôznorodosti využitých druhov palív a technológií a väčšiu decentralizáciu rozhodnutí. Politické rozhodnutia o výstavbe nových elektrární a využívaní doterajších. Tlaky verejnosti na využitie menších, nákladove efektívnych foriem výroby energie. | ||
| 610 | 2 | 0 | |a sústava energetická |
| 610 | 2 | 0 | |a energetika |
| 610 | 2 | 0 | |a vláda |
| 610 | 2 | 0 | |a trh |
| 610 | 2 | 0 | |a Veľká Británia |
| 610 | 2 | 0 | |a využitie palív |
| 610 | 2 | 0 | |a technológie nové |
| 610 | 2 | 0 | |a decentralizácia |
| 100 | 1 | |a Collingridge, D. | |
| 700 | 1 | |a James, P. | |